00510nam a2200157 a 450000100060000000300090000600800410001504000280005608200180008410000200010224500900012226000320021230000110024465000570025565000400031215158CO-ViMGA141112s2004 ck r 000 u spa d aCO-ViMGAbspacCO-ViMGA04aCo860.4 P371c1 aPeralta, Andres10aAnálisis literario de : bCrónica de una muerte anunciada ;Gabriel Garcia Marquez aBogotá, cEsquilo, c2000 a197.p.14aANALISIS LITERARIO - CRONICA DE UNA MUERTE ANUNCIADA14aGARCIA MARQUEZ, GABRIEL - BIOGRAFIA